Toutes les Formes régionales Pokémon - Statistiques

Statistiques générales
  • Ce quiz a été pris 213 fois
    165 depuis la dernière actualisation
  • Le résultat moyen est 50 sur 78
Statistiques - réponses
Hint Réponse % Correct
Alola Feunard
93%
Alola Goupix
91%
Alola Miaouss
90%
Galar Miaouss
90%
Alola Persian
90%
Alola Sabelette
86%
Alola Raichu
85%
Alola Rattata
84%
Alola Sablaireau
84%
Alola Rattatac
83%
Alola Noadkoko
81%
Galar Smogogo
73%
Alola Triopikeur
72%
Paldea Axoloto
71%
Galar Galopa
71%
Alola Gravalanch
71%
Alola Grolem
71%
Galar Ponyta
71%
Alola Racaillou
71%
Alola Taupiqueur
71%
Hisui Electrode
70%
Alola Grotadmorv
70%
Alola Tadmorv
70%
Hisui Voltorbe
70%
Ancien Paldea Donphan
69%
Futur Paldea Donphan
69%
Alola Ossatueur
68%
Ancien Paldea Suicune
68%
Hisui Arcanin
67%
Galar Artikodin
67%
Hisui Caninos
67%
Galar Electhor
67%
Ancien Paldea Entei
67%
Ancien Paldea Raikou
67%
Galar Sulfura
67%
Hisui Gueriaigle
66%
Hisui Typhlosion
66%
Hisui Farfuret
63%
Paldea Tauros
63%
Galar Zigzaton
63%
Hisui Archéduc
62%
Hisui Clamiral
62%
Galar Linéon
62%
Ancien Paldea Rondoudou
62%
Futur Paldea Tyranocif
62%
Futur Paldea Gallame
61%
Ancien Paldea Pyrax
61%
Futur Paldea Pyrax
61%
Hisui Zorua
61%
Ancien Paldea Drattak
60%
Ancien Paldea Feuforêve
60%
Futur Paldea Trioxhydre
60%
Futur Paldea Cadoizo
59%
Futur Paldea Terrakium
59%
Hisui Zoroark
59%
Futur Paldea Cobaltium
58%
Galar Flagadoss
58%
Hisui Fragilady
58%
Galar Roigada
58%
Futur Paldea Viridium
58%
Galar Ramoloss
57%
Galar Canarticho
56%
Ancien Paldea Magnéton
54%
Galar Darumacho
53%
Ancien Paldea Gaulet
53%
Futur Paldea Hariyama
53%
Hisui Séracrawl
53%
Galar Corayon
52%
Galar Darumarond
52%
Galar Tutafeh
52%
Futur Paldea Gardevoir
49%
Galar Mr. Mime
48%
Hisui Qwilfish
44%
Ancien Paldea Motorizard
42%
Futur Paldea Motorizard
42%
Hisui Muplodocus
37%
Galar Limonde
36%
Hisui Colimucus
33%
Aucun quiz correspondant
Distribution des résultats
% des personnes avec chaque résultat
Percentile par nombre de réponses
Votre historique - résultats
Vous n’avez pas pris ce quiz depuis la dernière actualisation